Loading...
| Literature - World | 0 | 6 | 0 | 1 | 60 | 81 | 122.50 | 3 | 4 | 0.00 | 0.00 |
| Literature - European | 0 | 6 | 0 | 0 | 60 | 37 | 90.00 | 2 | 4 | 0.00 | 0.00 |
| Literature - American | 0 | 6 | 1 | 0 | 55 | 74 | 103.33 | 2 | 4 | 0.00 | 0.00 |
| Literature - British | 0 | 5 | 0 | 2 | 50 | 56 | 106.80 | 1 | 2 | 0.00 | 0.00 |
| Fine Arts - Painting and Sculpture | 0 | 5 | 1 | 0 | 45 | 73 | 102.80 | 1 | 2 | 0.00 | 0.00 |
| Fine Arts - Classical Music | 0 | 4 | 0 | 0 | 40 | 92 | 103.75 | 1 | 4 | 0.00 | 0.00 |
| Science - Physics | 0 | 2 | 0 | 1 | 20 | 78 | 99.00 | 0 | 1 | 0.00 | 0.00 |
| Fine Arts - Other | 0 | 2 | 1 | 0 | 15 | 86 | 113.50 | 0 | 1 | 0.00 | 0.00 |
| Other Academic | 0 | 1 | 0 | 0 | 10 | 65 | 65.00 | 1 | 1 | 0.00 | 0.00 |
| History - American | 0 | 1 | 1 | 0 | 5 | 98 | 98.00 | 0 | 1 | 0.00 | 0.00 |
| Social Science | 0 | 1 | 1 | 0 | 5 | 84 | 84.00 | 0 | 1 | 0.00 | 0.00 |